000 00623nam a2200241 a 4500
001 nice12345678
003 IN_TiNIC
005 20260116013550.0
008 050524s1993 cola grp 000 0 eng
020 _a
_c940
082 0 0 _a295.38
_bWIL
100 _aWilliams, Ron G
245 _aRitual Art and Knowledge
_b Acsthetic Theory and Zoroastrian Ritual
260 _aColumbia
_bUniversity of South Caroline Press
_c1993
300 _a200p
500 _aincludes index and biblioraphy
505 2 _aIndex
650 _aZoroastrianism
650 _aRitual
902 _bSRS
942 _cBK
999 _c11492
_d11492